ARRUPE JESUIT UNIVERSITY

CORONAVIRUS -STOP THE SPREAD - CLEAN,DISINFECT,COVER

The sailor from Gibraltar / (Record no. 118369)

MARC details
000 -LEADER
fixed length control field 00832pam a2200265 a 4500
001 - CONTROL NUMBER
control field 3806953
003 - CONTROL NUMBER IDENTIFIER
control field ARRUPE
005 - DATE AND TIME OF LATEST TRANSACTION
control field 20131022161538.0
008 - FIXED-LENGTH DATA ELEMENTS--GENERAL INFORMATION
fixed length control field 860116r1986 nyu 000 1 eng
010 ## - LIBRARY OF CONGRESS CONTROL NUMBER
LC control number 85043440
020 ## - INTERNATIONAL STANDARD BOOK NUMBER
International Standard Book Number 0394744519 (pbk.) :
Terms of availability $8.95
040 ## - CATALOGING SOURCE
Original cataloging agency DLC
Transcribing agency DLC
Modifying agency DLC
041 1# - LANGUAGE CODE
Language code of text/sound track or separate title engfre
050 00 - LIBRARY OF CONGRESS CALL NUMBER
Classification number PQ2607.U8245
Item number M313 1986
082 00 - DEWEY DECIMAL CLASSIFICATION NUMBER
Classification number 843/.912
Edition number 19
300 ## - PHYSICAL DESCRIPTION
Dimensions 22 cm.
100 1# - MAIN ENTRY--PERSONAL NAME
Personal name Duras, Marguerite.
9 (RLIN) 2618
240 10 - UNIFORM TITLE
Uniform title <a href="Marin de Gibraltar.">Marin de Gibraltar.</a>
Language of a work English
245 14 - TITLE STATEMENT
Title The sailor from Gibraltar /
Statement of responsibility, etc Marguerite Duras ; translated from the French by Barbara Bray.
250 ## - EDITION STATEMENT
Edition statement 1st American pbk. ed.
260 ## - PUBLICATION, DISTRIBUTION, ETC. (IMPRINT)
Place of publication, distribution, etc New York :
Name of publisher, distributor, etc Pantheon Books,
Date of publication, distribution, etc [1986]
300 ## - PHYSICAL DESCRIPTION
Extent 318 p. ;
500 ## - GENERAL NOTE
General note Translation of: Le marin de Gibraltar.
906 ## - LOCAL DATA ELEMENT F, LDF (RLIN)
a 7
b cbc
c orignew
d 1
e ocip
f 19
g y-gencatlg
942 ## - ADDED ENTRY ELEMENTS (KOHA)
Source of classification or shelving scheme Library of Congress Classification
Koha item type Monograph ( Printed materials)
Holdings
Withdrawn status Lost status Source of classification or shelving scheme Damaged status Not for loan Home library Current library Date acquired Total Checkouts Full call number Barcode Date last seen Price effective from Koha item type
    Library of Congress Classification     ARRUPE LIBRARY ARRUPE LIBRARY 22/10/2013   PQ2607.U8245 S2 1986 46411441 26/03/2019 22/10/2013 Monograph ( Printed materials)

 

Arrupe Library. PO Box MP320 Mt Pleasant, Harare, Zimbabwe
263 242 745411|librarian@aju.ac.zw